Catálogo

El milagro de Guadalupe / (Registro nro. 61540)

Detalles MARC
000 -LEADER
fixed length control field 01246cam a2200313 i 4500
001 - CONTROL NUMBER
control field 61540
003 - CONTROL NUMBER IDENTIFIER
control field Mx-PuUPA
005 - DATE AND TIME OF LATEST TRANSACTION
control field 20230317094828.0
008 - FIXED-LENGTH DATA ELEMENTS--GENERAL INFORMATION
fixed length control field 141010s1996 mx a fr 001 0 spa|d
020 ## - INTERNATIONAL STANDARD BOOK NUMBER
International Standard Book Number 9687777125
040 ## - CATALOGING SOURCE
Original cataloging agency Mx-PuUPA
Language of cataloging spa
Transcribing agency Mx-PuUPA
Modifying agency Mx-PuUPA
Description conventions rda
041 1# - LANGUAGE CODE
Language code of text/sound track or separate title spa
Language code of original und
100 1# - MAIN ENTRY--PERSONAL NAME
Personal name Johnston, Francis,
Relator term autor
9 (RLIN) 380
245 13 - TITLE STATEMENT
Title El milagro de Guadalupe /
Statement of responsibility, etc. Francis Johnston ; traducción, Adriana Cordova Plaza ; edición, Eduardo Grepe Philp
264 #1 - PRODUCTION, PUBLICATION, DISTRIBUTION, MANUFACTURE, AND COPYRIGHT NOTICE
Place of production, publication, distribution, manufacture México, D.F. :
Name of producer, publisher, distributor, manufacturer Editorial Verdad y Vida,
Date of production, publication, distribution, manufacture, or copyright notice [1996?]
300 ## - PHYSICAL DESCRIPTION
Extent 129 páginas :
Other physical details ilustraciones ;
Dimensions 22 cm
336 ## - CONTENT TYPE
Content type term texto
Fuente rdacontent
Content type code txt
337 ## - MEDIA TYPE
Media type term sin medio
Source rdamedia
Media type code n
338 ## - CARRIER TYPE
Carrier type term volumen
Source rdcarrier
Carrier type code nc
500 ## - GENERAL NOTE
General note "Apareció en el cielo una señal grandiosa: una mujer vestida del sol, con la luna bajo los pies y en su cabeza una corona de doce estrellas...".- Portadilla
600 04 - SUBJECT ADDED ENTRY--PERSONAL NAME
Personal name Virgen de Guadalupe
General subdivision Apariciones y milagros
Geographic subdivision México
600 04 - SUBJECT ADDED ENTRY--PERSONAL NAME
Personal name Virgen María
General subdivision Culto
Geographic subdivision México
650 #7 - SUBJECT ADDED ENTRY--TOPICAL TERM
Topical term or geographic name entry element Religión
Geographic subdivision México
Source of heading or term armarc
700 1# - ADDED ENTRY--PERSONAL NAME
Personal name Cordova Plaza, Adriana
Relator term traductor
700 1# - ADDED ENTRY--PERSONAL NAME
Personal name Grepe Philp, Eduardo,
Relator term editor
942 ## - ADDED ENTRY ELEMENTS (KOHA)
Source of classification or shelving scheme Dewey Decimal Classification
Koha item type Libro
Classification part 232.917
Item part J65
Existencias
Withdrawn status Lost status Source of classification or shelving scheme Damaged status Not for loan Collection code Home library Current library Shelving location Date acquired Source of acquisition Total Checkouts Full call number Barcode Date last seen Copy number Price effective from Koha item type
    Dewey Decimal Classification     General Centro de Estudios Guadalupanos Centro de Estudios Guadalupanos Sala general 29/04/2015 Compra   232.917 J65 1996 93824 05/01/2026 Ej.2 29/04/2015 Libro
    Dewey Decimal Classification     General Centro de Estudios Guadalupanos Centro de Estudios Guadalupanos Sala general 29/04/2015 Compra   232.917 J65 1996 93823 05/01/2026   29/04/2015 Libro
    Dewey Decimal Classification     General Centro de Estudios Guadalupanos Centro de Estudios Guadalupanos Sala general 03/12/2013 Compra   232.917 J65 1996 49403 05/01/2026 Ej.4 03/12/2013 Libro
    Dewey Decimal Classification     General Centro de Estudios Guadalupanos Centro de Estudios Guadalupanos Sala general 02/09/2023     232.917 J65 1996 92623 05/01/2026 Ej.3 02/09/2023 Libro